Statistiche per Tutte le nazioni FIFA per logo

Clicka qui per fare il quiz!

Statistiche generali

  • Questo quiz è stato fatto 71 volte
  • Il punteggio medio è 66 su 211

Statistiche sulle risposte

Risposta% Corretto
Turchia
100%
Colombia
94%
Libano
92%
Qatar
90%
Tunisia
88%
Albania
76%
Cipro
76%
Galles
73%
Germania
73%
Norvegia
73%
Slovacchia
73%
Croazia
71%
Perù
71%
Portogallo
71%
Canada
69%
Italia
69%
Scozia
69%
Svezia
69%
Venezuela
69%
Finlandia
67%
Montenegro
67%
Paesi Bassi
67%
Bosnia ed Erzegovina
65%
Brasile
65%
Inghilterra
65%
Irlanda del Nord
65%
Argentina
63%
Cile
63%
Stati Uniti
63%
Armenia
59%
Belgio
59%
Giamaica
59%
Iran
59%
Irlanda
59%
Australia
57%
Austria
57%
Ghana
57%
Panama
57%
Spagna
57%
Uruguay
55%
Ungheria
53%
Francia
51%
Corea del Nord
49%
Etiopia
49%
Grecia
49%
Paraguay
49%
Polonia
49%
Senegal
49%
Camerun
47%
Cina
47%
Danimarca
47%
Egitto
47%
Hong Kong
47%
Iraq
47%
Macedonia del Nord
47%
Serbia
47%
Bielorussia
45%
Giappone
45%
Israele
45%
Slovenia
45%
Sri Lanka
45%
Vietnam
45%
Azerbaigian
43%
Honduras
43%
India
43%
Kazakistan
43%
Laos
43%
Nuova Zelanda
43%
Saint Vincent e Grenadine
43%
Sierra Leone
43%
Ciad
41%
Guyana
41%
Moldavia
41%
Romania
41%
Suriname
41%
Bolivia
39%
Mauritania
39%
Repubblica Ceca
39%
Siria
39%
Ucraina
39%
Andorra
37%
Arabia Saudita
37%
Ecuador
37%
Mali
37%
Messico
37%
Palestina
37%
Barbados
35%
Georgia
35%
Islanda
35%
Marocco
35%
Ruanda
35%
San Marino
35%
Tanzania
35%
Algeria
33%
Dominica
33%
Eritrea
33%
Gibilterra
31%
Macao
31%
Repubblica Centrafricana
31%
Togo
31%
Guinea Equatoriale
29%
Malawi
29%
Papua Nuova Guinea
29%
Porto Rico
29%
Grenada
27%
Guinea
27%
Nepal
27%
Yemen
27%
Burkina Faso
24%
El Salvador
24%
Gambia
24%
Haiti
24%
Kosovo
24%
Liberia
24%
Belize
22%
Estonia
22%
Kuwait
22%
Madagascar
22%
Mozambico
22%
Trinidad e Tobago
22%
Zambia
22%
Zimbabwe
22%
Comore
20%
Repubblica del Congo
20%
Repubblica Democratica del Congo
20%
Russia
20%
Svizzera
20%
Emirati Arabi Uniti
18%
Gabon
18%
Giordania
18%
Lettonia
18%
Liechtenstein
18%
Lussemburgo
18%
Saint Kitts e Nevis
18%
Bulgaria
16%
Costa d'Avorio
16%
Isole Faroe
16%
Samoa
16%
Tahiti
16%
Cambogia
14%
Guam
14%
Lesotho
14%
Oman
14%
Tagikistan
14%
Angola
12%
Bermuda
12%
Curaçao
12%
Figi
12%
Gibuti
12%
Nigeria
12%
Santa Lucia
12%
Afghanistan
10%
Aruba
10%
Corea del Sud
10%
Cuba
10%
Guinea-Bissau
10%
Isole Cook
10%
Kirghizistan
10%
Libia
10%
Malta
10%
Niger
10%
Nuova Caledonia
10%
Repubblica Dominicana
10%
Somalia
10%
Sudan del Sud
10%
Uganda
10%
Vanuatu
10%
Bahrein
8%
Botswana
8%
Capo Verde
8%
Isole Salomone
8%
Nicaragua
8%
Thailandia
8%
Anguilla
6%
Birmania
6%
Burundi
6%
Guatemala
6%
Indonesia
6%
Lituania
6%
Mongolia
6%
Sudan
6%
Costa Rica
4%
Isole Vergini americane
4%
Kenya
4%
Singapore
4%
Timor Est
4%
Antigua e Barbuda
2%
Bhutan
2%
Brunei
2%
Filippine
2%
Isole Turks e Caicos
2%
Isole Vergini Britanniche
2%
Malaysia
2%
Montserrat
2%
Samoa Americana
2%
São Tomé e Príncipe
2%
Seychelles
2%
Taipei Cinese
2%
Tonga
2%
Turkmenistan
2%
Bahamas
0%
Bangladesh
0%
Benin
0%
eSwatini
0%
Isole Cayman
0%
Maldive
0%
Mauritius
0%
Namibia
0%
Pakistan
0%
Sud Africa
0%
Uzbekistan
0%

Distribuzione punteggi

Percentile per numero di risposta

Percentuale di utenti per punteggio

I tuoi punteggi nel tempo

Non hai fatto questo quiz